Global imbalances and the lessons of bretton woods

Gespeichert in:
Bibliographische Detailangaben
1. Verfasser: Eichengreen, Barry
Format: Buch
Sprache:Englisch
Veröffentlicht: Cambridge <The> MIT Press 2010
Schlagworte:
Tags: Tag hinzufügen
Keine Tags, Fügen Sie das erste Tag hinzu!

MARC

LEADER 00000nam a2200000 4500
001 0143820
005 20240306135706.4
020 |a 978-0-262-51414-9 
041 0 |a eng 
044 |a US 
245 1 0 |a Global imbalances and the lessons of bretton woods  |c Barry Eichengreen 
264 1 |a Cambridge  |b <The> MIT Press  |c 2010 
300 |a xiv, 187 s. 
610 2 0 |a financie medzinárodné 
610 2 0 |a dolár 
610 2 0 |a Japonsko 
610 2 0 |a USA 
100 1 |a Eichengreen, Barry